al-Naḥw al-wāfī, (Record no. 45706)
[ view plain ]
| 000 -LEADER | |
|---|---|
| fixed length control field | 00765cam a22002051 4500 |
| 001 - CONTROL NUMBER | |
| control field | ne 63000599 |
| 003 - CONTROL NUMBER IDENTIFIER | |
| control field | DLC |
| 005 - DATE AND TIME OF LATEST TRANSACTION | |
| control field | 20260227111743.0 |
| 008 - FIXED-LENGTH DATA ELEMENTS--GENERAL INFORMATION | |
| fixed length control field | 820621m19601963ua 000 0 ararc |
| 010 ## - LIBRARY OF CONGRESS CONTROL NUMBER | |
| LC control number | ne 63000599 |
| 035 ## - SYSTEM CONTROL NUMBER | |
| System control number | (OCoLC)8534500 |
| 040 ## - CATALOGING SOURCE | |
| Original cataloging agency | Princeton Univ. Libr. |
| Transcribing agency | TU |
| Modifying agency | TU |
| -- | DLC |
| 042 ## - AUTHENTICATION CODE | |
| Authentication code | premarc |
| 050 00 - LIBRARY OF CONGRESS CALL NUMBER | |
| Classification number | PJ6106 |
| Item number | .H35 |
| 100 1# - MAIN ENTRY--PERSONAL NAME | |
| Personal name | Ḥasan, ʻAbbās. |
| 245 13 - TITLE STATEMENT | |
| Title | al-Naḥw al-wāfī, |
| Remainder of title | al-qism al-mūjaz li-ṭalabat al-jāmiʻāt wa-al-mufaṣṣal lil-asātidhah wa-al-mutakhaṣṣiṣīn maʻ rabṭihi bi-al-asālīb al-rafīʻah wa-al-ḥayāt al-lughawīyah al-Mutjaddidah. |
| Statement of responsibility, etc. | taʼlīf ʻAbbās Ḥasan. |
| 260 ## - PUBLICATION, DISTRIBUTION, ETC. | |
| Place of publication, distribution, etc. | Miṣr, |
| Name of publisher, distributor, etc. | Dār al-Maʻearif |
| Date of publication, distribution, etc. | [1960-1963] |
| 300 ## - PHYSICAL DESCRIPTION | |
| Extent | 4 v. |
| Dimensions | 24 cm. |
| 650 #0 - SUBJECT ADDED ENTRY--TOPICAL TERM | |
| Topical term or geographic name entry element | Arabic language |
| General subdivision | Grammar. |
No items available.